Cámara del Libro Español (Record no. 72146)

MARC details
000 -LEADER
campo de control de longitud fija 01016nam a2200229 4500
001 - NÚMERO DE CONTROL
campo de control 72146
003 - IDENTIFICADOR DE NÚMERO DE CONTROL
campo de control ES-MaACL
005 - FECHA Y HORA DE LA ÚLTIMA TRANSACCIÓN
campo de control 20250824232759.0
007 - CAMPO FIJO DE DESCRIPCIÓN FÍSICA--INFORMACIÓN GENERAL
campo de control de longitud fija t|
008 - DATOS DE LONGITUD FIJA--INFORMACIÓN GENERAL
campo de control de longitud fija 040826s1917 sp |||| | spa d
080 ## - NÚMERO DE LA CLASIFICACIÓN DECIMAL UNIVERSAL
Número de la Clasificación Decimal Universal 655.4:061.3(46)"1917"
100 1# - ENTRADA PRINCIPAL--NOMBRE DE PERSONA
Nombre de persona Gili y Roig, Gustavo.
9 (RLIN) 56939
245 10 - MENCIÓN DEL TÍTULO
Título Cámara del Libro Español
Resto del título : proyecto de asociación de los Amigos del Libro /
Mención de responsabilidad, etc. presentado por Gustavo Gili a la Conferencia de Editores Españoles y Amigos del Libro, celebrada en Barcelona en los días 8 y 9 de junio de 1917... aprobado por unanimidad.
260 ## - PUBLICACIÓN, DISTRIBUCIÓN, ETC.
Lugar de publicación, distribución, etc. Barcelona :
Nombre del editor, distribuidor, etc. "Centro de la Propiedad Intelectual",
Fecha de publicación, distribución, etc. 1917.
300 ## - DESCRIPCIÓN FÍSICA
Extensión 20 p. ;
Dimensiones 25 cm.
610 27 - PUNTO DE ACCESO ADICIONAL DE MATERIA--NOMBRE DE ENTIDAD CORPORATIVA
Nombre de entidad corporativa o nombre de jurisdicción como elemento de entrada Cámara del Libro y de la Propiedad Intelectual
Fuente del encabezamiento o término
9 (RLIN) 146891
611 24 - PUNTO DE ACCESO ADICIONAL DE MATERIA--NOMBRE DE REUNIÓN/CONGRESO
Nombre de congreso/reunión o jurisdicción como elemento de entrada Conferencia de Editores Españoles y Amigos del Libro.
Fecha del congreso o de la firma del tratado 1917.
Sede del congreso/Lugar de la reunión Barcelona)
9 (RLIN) 146897
650 04 - PUNTO DE ACCESO ADICIONAL DE MATERIA--TÉRMINO DE MATERIA
Término de materia o nombre geográfico como elemento de entrada Editoriales-
Subdivisión geográfica España.
9 (RLIN) 12067
710 2# - ENTRADA AGREGADA--NOMBRE DE ENTIDAD CORPORATIVA
Nombre de entidad corporativa o nombre de jurisdicción como elemento de entrada Cámara del Libro y de la Propiedad Intelectual
9 (RLIN) 146891
852 ## - LOCALIZACIÓN
Ubicación ES-MaACL
Número de control de estantería 1556-F-16
Holdings
Estatus retirado Estado de pérdida Estado de daño No para préstamo Colección Biblioteca de origen Biblioteca actual Ubicación en estantería Fecha de adquisición Fuente de adquisición Total de préstamos Signatura topográfica completa Código de barras Visto por última vez Precio de reemplazo Tipo de ítem Koha
        Colección de folletos Biblioteca del Ateneo de Madrid Biblioteca del Ateneo de Madrid Depósito folletos 17/01/2008     1556-F-16 1075531 23/02/2023 23/02/2023 Folleto